Statistics for experimenters : design, innovation, and discovery (Record no. 10917)

000 -LEADER
fixed length control field 00519 a2200181 4500
020 ## - INTERNATIONAL STANDARD BOOK NUMBER
International Standard Book Number 9780471718130
082 ## - DEWEY DECIMAL CLASSIFICATION NUMBER
Classification number 519.5
090 ## - LOCALLY ASSIGNED LC-TYPE CALL NUMBER (OCLC); LOCAL CALL NUMBER (RLIN)
-- 7113
-- 7113
100 ## - MAIN ENTRY--PERSONAL NAME
Personal name Box, George E. P
110 ## - MAIN ENTRY--CORPORATE NAME
Corporate name or jurisdiction name as entry element Hunter, William Gordon
245 ## - TITLE STATEMENT
Title Statistics for experimenters : design, innovation, and discovery
Statement of responsibility, etc. George E. P. Box
250 ## - EDITION STATEMENT
Edition statement 2nd ed.
260 ## - PUBLICATION, DISTRIBUTION, ETC.
Place of publication, distribution, etc. New Jersey
Name of publisher, distributor, etc. John Wiley
Date of publication, distribution, etc. 2005
300 ## - PHYSICAL DESCRIPTION
Extent 639 p.
650 ## - SUBJECT ADDED ENTRY--TOPICAL TERM
Topical term or geographic name entry element Mathematical statistics--Experimental design
700 ## - ADDED ENTRY--PERSONAL NAME
Personal name George E. P Box
942 ## - ADDED ENTRY ELEMENTS (KOHA)
Koha item type Book
Call number prefix 519.5 BOX
Holdings
Withdrawn status Lost status Damaged status Not for loan Collection code Permanent Location Current Location Shelving location Date acquired Source of acquisition Cost, normal purchase price Total Checkouts Full call number Barcode Date last seen Price effective from Koha item type
          Central Library (CL) Central Library (CL) General Stacks 05/08/2012 Allied Book Company 9722.23   519.5 BOX SEECS011290 11/14/2012 01/05/2017 Book
© 2023 Central Library, National University of Sciences and Technology. All Rights Reserved.